000 00335nam a2200133Ia 4500
008 240624s9999 xx 000 0 und d
041 _aeng
082 _a650.1 FRI
100 _aFRITZ ROGER
245 _aPOWER OF A POSITIVE ATTITUDE DISCOVERING
260 _c2008
_aNew York
_bAMACOM
300 _a118 : p. : cm. ; 22
365 _c
_b30
999 _c11197
_d11197